[Event "Open Bosnjaci"]
[Site "Bosnjaci"]
[Date "2017.01.06"]
[Round "5.7"]
[White "2269, Filip"]
[Black "Plenca, Jadranko"]
[Result "1/2-1/2"]
[WhiteElo "2269"]
[BlackElo "2424"]
[PlyCount "149"]
[EventDate "2017.??.??"]
[WhiteClock "1:28:00"]
[BlackClock "1:30:00"]

1. e4 e5 2. Nf3 Nc6 3. Bb5 a6 4. Ba4 Nf6 5. O-O Be7 6. Re1 b5 7. Bb3 d6 8. a4
Bg4 9. c3 O-O 10. h3 Bxf3 11. Qxf3 Na5 12. Bc2 b4 13. d4 c5 14. dxe5 dxe5 15.
cxb4 cxb4 16. b3 Rc8 17. Ra2 Nc6 18. Be3 Nd4 19. Bxd4 Qxd4 20. Bd3 a5 21. Bc4
Rxc4 22. bxc4 Qxc4 23. Qe2 Rc8 24. Qxc4 Rxc4 25. Nd2 Rc3 26. Raa1 Nd7 27. Rec1
Nc5 28. Kf1 Bg5 29. Rxc3 bxc3 30. Nf3 Bh6 31. Rb1 f6 32. Ne1 Nxa4 33. Rb5 Nb2
34. Rxa5 Nc4 35. Ra8+ Kf7 36. Rc8 Nd2+ 37. Ke2 Nxe4 38. Rc4 f5 39. f3 Ng3+ 40.
Kf2 Bd2 41. Nc2 f4 42. Na3 Nf5 43. Nb1 Ne3 44. Rc6 Ke7 45. Kg1 Nd5 46. Kf2 Kd7
47. Rc4 Nb6 48. Rxc3 Bxc3 49. Nxc3 Ke6 50. Ne4 h6 51. g3 Kd5 52. g4 Nc4 53. h4
Nd6 54. Nc3+ Kc4 55. Ne2 g6 56. Nc1 Nb5 57. Ne2 Nd4 58. Ng1 Kd3 59. Nh3 Nb5 60.
Ng1 Nc3 61. Nh3 Ne2 62. h5 gxh5 63. gxh5 Ng3 64. Ng5 e4 65. Nf7 Nh1+ 66. Ke1
exf3 67. Nxh6 Ke4 68. Ng4 Kf5 69. Nh2 f2+ 70. Kf1 Ng3+ 71. Kxf2 Nxh5 72. Kf3
Nf6 73. Nf1 Ne4 74. Ne3+ fxe3 75. Kxe3 1/2-1/2

[Event "Open Bosnjaci"]
[Site "Bosnjaci"]
[Date "2017.01.06"]
[Round "5.8"]
[White "Plenkovic, Zdenko"]
[Black "Ljikar, Zoran"]
[Result "0-1"]
[WhiteElo "2421"]
[BlackElo "2211"]
[PlyCount "86"]
[EventDate "2017.??.??"]
[WhiteClock "1:28:00"]
[BlackClock "1:30:00"]

1. g3 d5 2. Bg2 e5 3. d4 e4 4. c4 c6 5. Nc3 Nf6 6. Bg5 Nbd7 7. Nh3 Bb4 8. O-O
h6 9. Bxf6 Nxf6 10. Nxd5 Nxd5 11. cxd5 Bxh3 12. Bxh3 Qxd5 13. e3 O-O 14. Qc2
Rfe8 15. Rfc1 Bd6 16. Qc4 Qg5 17. b4 h5 18. Rab1 a6 19. a4 h4 20. Qe2 hxg3 21.
hxg3 g6 22. b5 cxb5 23. axb5 a5 24. b6 a4 25. Rb5 Qe7 26. Qa2 a3 27. Rc2 Kg7
28. Rb3 Ra5 29. Rbc3 Rh5 30. Bg2 Rb5 31. Rb3 Qg5 32. Bf1 Rxb3 33. Qxb3 Rh8 34.
Bg2 Qh5 35. Ra2 Rc8 36. Ra1 Qe2 37. Qd5 Rc2 38. Rf1 a2 39. Qxe4 a1=Q 40. Rxa1
Qxf2+ 41. Kh1 Qxg3 42. Kg1 Qf2+ 43. Kh1 Rc8 0-1

[Event "Open Bosnjaci"]
[Site "Bosnjaci"]
[Date "2017.01.06"]
[Round "5.9"]
[White "Trbojevic, Mladen"]
[Black "Babic, Zvonko"]
[Result "1/2-1/2"]
[WhiteElo "2380"]
[BlackElo "2162"]
[PlyCount "133"]
[EventDate "2017.??.??"]
[WhiteClock "1:30:00"]
[BlackClock "1:30:00"]

1. e4 e5 2. Bc4 Bc5 3. Nf3 Nc6 4. c3 Nf6 5. d3 a6 6. Bb3 d6 7. h3 Be6 8. Bc2
Ba7 9. Nbd2 h6 10. Nf1 d5 11. Qe2 O-O 12. Ng3 Qd7 13. Nh4 dxe4 14. dxe4 b5 15.
Qf3 Nh7 16. Nhf5 Bxf5 17. exf5 e4 18. Nxe4 Ne5 19. Qg3 Qxf5 20. O-O c5 21. Bxh6
Ng6 22. Be3 c4 23. Rae1 Rfd8 24. Re2 Qh5 25. Rfe1 Bxe3 26. Qxe3 Re8 27. Ng3
Qxe2 28. Rxe2 Rxe3 29. Rxe3 Nhf8 30. Ne2 f6 31. Nd4 Kf7 32. g3 Ne7 33. Re2 Nd7
34. Be4 Rh8 35. Nc6 Nxc6 36. Bxc6 Nc5 37. Bd5+ Kg6 38. h4 Rd8 39. Rd2 Re8 40.
Kf1 Nd3 41. b3 Re1+ 42. Kg2 cxb3 43. axb3 Ne5 44. Ra2 Rc1 45. Rxa6 Rxc3 46. Rb6
Rc5 47. Be6 Nd3 48. Bd7 b4 49. Bb5 Ne1+ 50. Kh3 Rc3 51. Bc4 Nc2 52. Kg4 Kh6 53.
h5 Nd4 54. Rxb4 Nc6 55. Ra4 Ne5+ 56. Kh4 Rc2 57. Ra8 Nf3+ 58. Kg4 Ne5+ 59. Kh3
Rxf2 60. Rh8+ Kg5 61. Be6 f5 62. Bd5 Ng4 63. Bg2 Rb2 64. Rb8 Nf2+ 65. Kh2 Ng4+
66. Kh3 Nf2+ 67. Kh2 1/2-1/2

[Event "Open Bosnjaci"]
[Site "Bosnjaci"]
[Date "2017.01.06"]
[Round "5.10"]
[White "Colovic, Dusan"]
[Black "Tomas, Ante"]
[Result "1-0"]
[WhiteElo "2370"]
[BlackElo "2115"]
[PlyCount "59"]
[EventDate "2017.??.??"]
[WhiteClock "1:30:00"]
[BlackClock "1:30:00"]

1. d4 d5 2. Nf3 Nf6 3. e3 c6 4. c4 e6 5. Nbd2 Nbd7 6. Bd3 Bd6 7. O-O O-O 8. e4
e5 9. cxd5 cxd5 10. Re1 Re8 11. exd5 Nxd5 12. Nc4 Bb4 13. Bd2 exd4 14. Rxe8+
Qxe8 15. Nxd4 Nc5 16. Bxh7+ Kxh7 17. Qh5+ Kg8 18. Qxd5 Bxd2 19. Nxd2 Ne6 20.
N2f3 Qd7 21. Qe4 Qc7 22. Nxe6 Bxe6 23. Ng5 Rc8 24. Qh7+ Kf8 25. h4 Qe5 26.
Nxe6+ Qxe6 27. Qh8+ Ke7 28. Qxg7 Rc2 29. Rd1 Qf5 30. Qd4 1-0

[Event "Open Bosnjaci"]
[Site "Bosnjaci"]
[Date "2017.01.06"]
[Round "5.11"]
[White "Boban, Sten"]
[Black "Mrkonjic, Nenad"]
[Result "0-1"]
[WhiteElo "2063"]
[BlackElo "2360"]
[PlyCount "64"]
[EventDate "2017.??.??"]
[WhiteClock "1:29:00"]
[BlackClock "1:30:00"]

1. d4 Nf6 2. c4 e6 3. Nc3 d5 4. Bg5 Be7 5. e3 O-O 6. Qc2 h6 7. Bh4 c6 8. Bd3
Nbd7 9. Nge2 dxc4 10. Bxc4 b5 11. Bd3 Bb7 12. O-O a6 13. Rad1 Rc8 14. a3 c5 15.
dxc5 Rxc5 16. b4 Rc7 17. Bg3 Rc8 18. Qb3 Qb6 19. Rd2 Nd5 20. Rfd1 N7f6 21. Nxd5
Nxd5 22. e4 Nf6 23. Qb1 Rfd8 24. Kf1 Nh5 25. Be5 Bf6 26. Bxf6 Nxf6 27. Ng3 Qc7
28. Rc2 Qf4 29. Rdc1 Rxc2 30. Bxc2 Ng4 31. Nh1 Rd2 32. f3 Ne3+ 0-1

[Event "Open Bosnjaci"]
[Site "Bosnjaci"]
[Date "2017.01.06"]
[Round "5.12"]
[White "Jerkovic, Maroje"]
[Black "Zovko, Mario"]
[Result "0-1"]
[WhiteElo "2060"]
[BlackElo "2309"]
[PlyCount "200"]
[EventDate "2017.??.??"]
[WhiteClock "1:30:00"]
[BlackClock "1:30:00"]

1. e4 c6 2. d4 d5 3. exd5 cxd5 4. Bd3 Nc6 5. c3 Nf6 6. f4 g6 7. Nf3 Bg7 8. O-O
Bf5 9. Bxf5 gxf5 10. Nbd2 e6 11. Ne5 Rc8 12. Qe2 O-O 13. Kh1 Ne7 14. g4 Nxg4
15. Nxg4 fxg4 16. Qxg4 Nf5 17. Nf3 Qf6 18. Bd2 Qg6 19. Qh3 Qh6 20. Qg2 Kh8 21.
Ng5 Qg6 22. Rg1 Qh5 23. Raf1 h6 24. Rf3 Kg8 25. Rh3 Qg6 26. Qe2 Qf6 27. Qh5
Rfd8 28. Nf3 Kf8 29. Be1 Ke8 30. Bh4 Nxh4 31. Rxh4 Bf8 32. Ne5 Ke7 33. Re1 Bg7
34. f5 Qxf5 35. Qxf5 exf5 36. Nc6+ Kf6 37. Nxd8 Rxd8 38. Kg2 Kg5 39. Kg3 Bf6
40. Rf4 Kg6 41. h4 Rd6 42. Kf3 Bg7 43. Rg1+ Kf6 44. Rf1 Kg6 45. Ke3 Re6+ 46.
Kd3 Bf6 47. Rg1+ Kh5 48. Rxf5+ Kxh4 49. Rxd5 Bg5 50. Rf5 Re3+ 51. Kc4 f6 52. d5
Re4+ 53. Kd3 Re3+ 54. Kd4 Re2 55. Rd1 Kg4 56. Rff1 f5 57. d6 Re8 58. d7 Rd8 59.
Ke5 f4 60. Rd3 Rf8 61. Rff3 h5 62. Kd6 Bd8 63. c4 Rf6+ 64. Ke5 Rf5+ 65. Kd6
Rf6+ 66. Kc5 h4 67. Kb4 Rh6 68. Rh3 Rf6 69. Rhf3 Rh6 70. Rh3 Rf6 71. Rh1 f3 72.
Rd4+ Rf4 73. Rg1+ Kf5 74. Rxf4+ Kxf4 75. Rg8 Be7+ 76. Kb3 f2 77. d8=Q Bxd8 78.
Rxd8 h3 79. Kc2 h2 80. Rf8+ Ke3 81. Re8+ Kf4 82. Rh8 Kg5 83. Rxh2 f1=Q 84. b3
Qf5+ 85. Kc1 Qe5 86. Rc2 Qd4 87. c5 Kf5 88. c6 bxc6 89. Rxc6 Qa1+ 90. Kd2 Qxa2+
91. Kc3 Ke5 92. Rc5+ Kd6 93. b4 Qe2 94. Ra5 Kc6 95. Rc5+ Kb6 96. Ra5 Qe1+ 97.
Kc4 a6 98. Rc5 Qb1 99. Ra5 Qc2+ 100. Kd4 Qb3 0-1

[Event "Open Bosnjaci"]
[Site "Bosnjaci"]
[Date "2017.01.06"]
[Round "5.13"]
[White "Vukovic, Ivo"]
[Black "Levacic, Patrick"]
[Result "1/2-1/2"]
[WhiteElo "2043"]
[BlackElo "2291"]
[PlyCount "50"]
[EventDate "2017.??.??"]
[WhiteClock "1:30:00"]
[BlackClock "1:30:00"]

1. Nf3 Nf6 2. b3 d5 3. Bb2 Bf5 4. g3 e6 5. c4 Be7 6. Bg2 h6 7. O-O c6 8. d3 O-O
9. Nbd2 Nbd7 10. Rc1 a5 11. a3 Bh7 12. Re1 Qb6 13. Bd4 Qa6 14. Bb2 Rfd8 15. Bf1
Qa7 16. cxd5 exd5 17. d4 Bd6 18. e3 Re8 19. Nb1 a4 20. b4 Rac8 21. Bh3 Rcd8 22.
Nc3 b5 23. Nb1 Qb7 24. Nbd2 Re7 25. Nh4 Ree8 1/2-1/2

[Event "Open Bosnjaci"]
[Site "Bosnjaci"]
[Date "2017.01.06"]
[Round "5.14"]
[White "Bobanac, Miro"]
[Black "Safar, Sandro"]
[Result "1-0"]
[WhiteElo "2279"]
[BlackElo "1984"]
[PlyCount "119"]
[EventDate "2017.??.??"]
[WhiteClock "1:30:00"]
[BlackClock "1:30:00"]

1. b3 e5 2. Bb2 Nc6 3. e3 d5 4. Bb5 Bd6 5. Nf3 Qe7 6. d4 e4 7. Ne5 Qg5 8. g3
Nge7 9. h4 Qf6 10. c4 O-O 11. Bxc6 Nxc6 12. cxd5 Nxe5 13. dxe5 Bxe5 14. Bxe5
Qxe5 15. Qd4 Qxd4 16. exd4 b5 17. Nc3 b4 18. Ne2 Bb7 19. Nf4 Rfd8 20. Rc1 Bxd5
21. Rxc7 Rac8 22. Nxd5 Rxc7 23. Nxc7 Rc8 24. Kd2 Rxc7 25. Ke3 f5 26. Kf4 g6 27.
d5 Kf7 28. Ke5 Rc5 29. h5 Rc2 30. hxg6+ hxg6 31. Rh7+ Kg8 32. Rxa7 Rxf2 33. Kf6
Rd2 34. Kxg6 Kf8 35. Kxf5 e3 36. Ra6 Rxd5+ 37. Kf4 e2 38. Re6 Rd2 39. Kf3 Rxa2
40. Rxe2 Ra5 41. Re4 Rb5 42. Ke3 Kf7 43. Kd3 Kf6 44. g4 Rb8 45. Kc4 Rb7 46. Kc5
Rb8 47. Rxb4 Rc8+ 48. Kd4 Kg5 49. Kd3 Rh8 50. Rd4 Rc8 51. b4 Rc1 52. b5 Kf6 53.
Rb4 Rc7 54. b6 Rb7 55. Kd4 Ke6 56. Kc5 Kd7 57. Rf4 Kd8 58. Rf8+ Ke7 59. Rh8 Kf6
60. Kc6 1-0

[Event "Open Bosnjaci"]
[Site "Bosnjaci"]
[Date "2017.01.06"]
[Round "5.15"]
[White "Rosic, Slavko S"]
[Black "Obad, Damir"]
[Result "1-0"]
[WhiteElo "2239"]
[BlackElo "1931"]
[PlyCount "47"]
[EventDate "2017.??.??"]
[WhiteClock "1:29:00"]
[BlackClock "1:30:00"]

1. e4 e5 2. Nf3 Nc6 3. d4 exd4 4. Nxd4 Nf6 5. Nxc6 bxc6 6. Bd3 Bc5 7. Qe2 Qe7
8. Nc3 Bd4 9. Bd2 d6 10. h3 Rb8 11. O-O-O c5 12. b3 Bd7 13. f4 O-O 14. Nd5 Nxd5
15. exd5 Qf6 16. Kb1 a5 17. g4 Rfe8 18. Qf3 Ba1 19. c3 a4 20. Kxa1 axb3 21. Rb1
Ba4 22. Rhe1 bxa2 23. Rxb8 Rxb8 24. Qe4 1-0

[Event "Open Bosnjaci"]
[Site "Bosnjaci"]
[Date "2017.01.06"]
[Round "5.16"]
[White "Samblic, Silvano"]
[Black "Lazor, Vladimir"]
[Result "0-1"]
[WhiteElo "1959"]
[BlackElo "2200"]
[PlyCount "96"]
[EventDate "2017.??.??"]
[WhiteClock "1:30:00"]
[BlackClock "1:30:00"]

1. e4 c5 2. Nc3 Nc6 3. d3 d6 4. g3 g6 5. Bg2 Bg7 6. f4 e6 7. Nf3 Nge7 8. O-O
O-O 9. Be3 b6 10. Qd2 d5 11. exd5 exd5 12. d4 Nf5 13. Bf2 cxd4 14. Nxd5 Qxd5
15. Ne5 Qd6 16. Bxc6 Ba6 17. Bxa8 Rxa8 18. Rfe1 Bb7 19. Qd3 Bxe5 20. fxe5 Qd5
21. Kf1 Qg2+ 22. Ke2 Re8 23. Kd2 Qxf2+ 24. Re2 Qf3 25. Qxf3 Bxf3 26. Rf2 Be4
27. c3 dxc3+ 28. bxc3 Rxe5 29. Re1 Nd6 30. Rf6 Nc4+ 31. Kc1 Kg7 32. Rf4 f5 33.
h4 Rb5 34. Kd1 Rb2 35. Rfxe4 fxe4 36. Rxe4 b5 37. Re7+ Kf6 38. Rxa7 h5 39. a4
bxa4 40. Rxa4 Ne3+ 41. Ke1 Rc2 42. Ra6+ Kf5 43. Ra5+ Ke4 44. Ra6 Kf5 45. Ra5+
Kg4 46. Ra6 Kxg3 47. Rxg6+ Kxh4 48. Re6 Ng4 0-1

[Event "Open Bosnjaci"]
[Site "Bosnjaci"]
[Date "2017.01.06"]
[Round "5.17"]
[White "Medic, Mirjana"]
[Black "Mican, Mato"]
[Result "1-0"]
[WhiteElo "2147"]
[BlackElo "1937"]
[PlyCount "63"]
[EventDate "2017.??.??"]
[WhiteClock "1:30:00"]
[BlackClock "1:30:00"]

1. d4 Nf6 2. Nf3 g6 3. c4 Bg7 4. g3 O-O 5. Bg2 d5 6. cxd5 Nxd5 7. O-O Nb6 8.
Nc3 Nc6 9. e3 Re8 10. Re1 e5 11. d5 Nb4 12. e4 h6 13. a3 Na6 14. Qe2 Bg4 15. h3
Bxf3 16. Bxf3 Nc8 17. Be3 Nd6 18. Rac1 Nb8 19. Nb5 c6 20. Nxd6 Qxd6 21. Red1
cxd5 22. Rxd5 Qe6 23. Rc7 b6 24. Bg4 f5 25. Bf3 Bf8 26. Qc4 Kh8 27. exf5 gxf5
28. Rxe5 Qxc4 29. Rxc4 Nd7 30. Rxf5 Rac8 31. Rh4 Re6 32. Bd5 1-0

[Event "Open Bosnjaci"]
[Site "Bosnjaci"]
[Date "2017.01.06"]
[Round "5.18"]
[White "Vranjic, Marko"]
[Black "Cvitan, Ena"]
[Result "0-1"]
[WhiteElo "1934"]
[BlackElo "2139"]
[PlyCount "80"]
[EventDate "2017.??.??"]
[WhiteClock "1:30:00"]
[BlackClock "1:30:00"]

1. e4 c6 2. d4 d5 3. Nc3 dxe4 4. Nxe4 Bf5 5. Ng3 Bg6 6. h4 h6 7. h5 Bh7 8. Nf3
Nd7 9. Bd3 Bxd3 10. Qxd3 e6 11. Bf4 Ngf6 12. O-O-O Be7 13. Kb1 O-O 14. Ne4 Nxe4
15. Qxe4 Nf6 16. Qe2 a5 17. g4 a4 18. Ne5 a3 19. b3 Qa5 20. Rd3 Nd5 21. Bd2 Bb4
22. c4 Bxd2 23. cxd5 Qxd5 24. Rg1 Bg5 25. Nf3 Bf4 26. Nh4 Rfc8 27. Ng2 Bh2 28.
Ne3 Qb5 29. Rh1 Bf4 30. Ng2 Bg5 31. f4 Bf6 32. Qd1 c5 33. g5 hxg5 34. Rg3 cxd4
35. h6 Qf5+ 36. Rd3 Rc3 37. Ne1 Rac8 38. fxg5 Bxg5 39. h7+ Qxh7 40. Nc2 Qxd3
0-1

[Event "Open Bosnjaci"]
[Site "Bosnjaci"]
[Date "2017.01.06"]
[Round "5.19"]
[White "Blagojevic, Marijan"]
[Black "Golubicic, Luka"]
[Result "1/2-1/2"]
[WhiteElo "2137"]
[BlackElo "1894"]
[PlyCount "67"]
[EventDate "2017.??.??"]
[WhiteClock "1:29:00"]
[BlackClock "1:30:00"]

1. d4 d5 2. c4 c6 3. Nc3 Nf6 4. Nf3 e6 5. e3 Nbd7 6. cxd5 exd5 7. Bd3 Be7 8.
O-O O-O 9. b3 Re8 10. Bb2 Bf8 11. Qc2 a6 12. a3 c5 13. Rac1 b5 14. dxc5 Nxc5
15. Nd4 Bb7 16. Rfd1 Qb6 17. b4 Nxd3 18. Qxd3 Ne4 19. Nb3 Rad8 20. Ne2 Bd6 21.
Bd4 Bxh2+ 22. Kxh2 Qh6+ 23. Kg1 Bc8 24. Nc5 Ng5 25. Ng3 Bg4 26. Nf5 Qg6 27.
Nxg7 Re4 28. Nxe4 dxe4 29. Qc2 Bxd1 30. Rxd1 Nf3+ 31. Kf1 Nxd4 32. Qc7 Ne6 33.
Rxd8+ Nxd8 34. Ne8 1/2-1/2

[Event "Open Bosnjaci"]
[Site "Bosnjaci"]
[Date "2017.01.06"]
[Round "5.20"]
[White "Bogdanic, Katarina"]
[Black "Slamar, Velimir"]
[Result "1-0"]
[WhiteElo "1909"]
[BlackElo "2111"]
[PlyCount "49"]
[EventDate "2017.??.??"]
[WhiteClock "1:30:00"]
[BlackClock "1:30:00"]

1. c4 Nf6 2. Nf3 e6 3. g3 d5 4. d4 c5 5. cxd5 cxd4 6. dxe6 Bxe6 7. Bg2 Nc6 8.
O-O Be7 9. Qa4 O-O 10. Rd1 Qb6 11. Na3 Rad8 12. b3 Ne4 13. Qb5 Nc3 14. Qxb6
axb6 15. Rd2 Ra8 16. Nc2 Bf6 17. Bf1 Rfd8 18. Bb2 Nxa2 19. Ncxd4 Nxd4 20. Bxd4
Nb4 21. Bxf6 gxf6 22. Rxa8 Rxa8 23. Nd4 Rd8 24. e3 Nc6 25. Bg2 1-0

[Event "Open Bosnjaci"]
[Site "Bosnjaci"]
[Date "2017.01.06"]
[Round "6.1"]
[White "Zufic, Miroslav"]
[Black "Jovanovic, Zoran"]
[Result "1/2-1/2"]
[WhiteElo "2382"]
[BlackElo "2526"]
[PlyCount "21"]
[EventDate "2017.??.??"]
[WhiteClock "1:30:00"]
[BlackClock "1:30:00"]

1. c4 c5 2. Nf3 g6 3. g3 Bg7 4. Bg2 Nf6 5. O-O O-O 6. Nc3 Nc6 7. d4 cxd4 8.
Nxd4 Ng4 9. e3 Nge5 10. b3 d6 11. Nxc6 1/2-1/2

[Event "Open Bosnjaci"]
[Site "Bosnjaci"]
[Date "2017.01.06"]
[Round "6.2"]
[White "Kovacevic, Blazimir"]
[Black "Fercec, Nenad"]
[Result "1/2-1/2"]
[WhiteElo "2503"]
[BlackElo "2467"]
[PlyCount "185"]
[EventDate "2017.??.??"]
[WhiteClock "1:30:00"]
[BlackClock "1:30:00"]

1. Nf3 Nf6 2. c4 e6 3. g3 b6 4. Bg2 Bb7 5. O-O g6 6. d4 Bg7 7. Re1 O-O 8. Bf4
d6 9. Qc2 Nc6 10. Nc3 Nxd4 11. Nxd4 Bxg2 12. Kxg2 e5 13. Be3 exd4 14. Bxd4 Re8
15. Rad1 Qd7 16. b3 h5 17. f3 Re6 18. e4 Rae8 19. Qb2 Nh7 20. Bxg7 Kxg7 21. c5
Kg8 22. cxb6 axb6 23. Nd5 b5 24. Rd2 Re5 25. Qc3 c6 26. Nf4 h4 27. Red1 d5 28.
exd5 cxd5 29. Rxd5 h3+ 30. Kf1 Rxd5 31. Nxd5 Qa7 32. Rd2 b4 33. Qxb4 Qa6+ 34.
Qc4 Qd6 35. Qd4 Qe6 36. Qe4 Qa6+ 37. Qd3 Qb7 38. Kf2 Qc6 39. Qc3 Qb7 40. a4 Rb8
41. g4 Qxb3 42. Qxb3 Rxb3 43. Ra2 Ng5 44. Ne3 f5 45. gxf5 gxf5 46. a5 f4 47.
Nd5 Rxf3+ 48. Ke2 Rb3 49. Nxf4 Ne4 50. Ra1 Nc5 51. a6 Nxa6 52. Rxa6 Rb2+ 53.
Kf3 Rxh2 54. Kg3 Rb2 55. Kxh3 Kf7 56. Kg4 Rb5 57. Ng6 Rb1 58. Kf5 Rf1+ 59. Nf4
Ke7 60. Ra4 Kd6 61. Rc4 Kd7 62. Rd4+ Kc6 63. Rd2 Kc5 64. Re2 Kd6 65. Ke4 Rd1
66. Nd3 Rh1 67. Rd2 Rh4+ 68. Nf4+ Kc5 69. Ke5 Kc4 70. Rc2+ Kb3 71. Rc8 Rh7 72.
Kd5 Rd7+ 73. Ke4 Re7+ 74. Kd4 Rd7+ 75. Nd5 Kb2 76. Kc4 Rh7 77. Kd3 Rh3+ 78. Ne3
Ka3 79. Rb8 Ka4 80. Kc4 Rh4+ 81. Kc5 Rh5+ 82. Nd5 Ka3 83. Rg8 Kb3 84. Rg2 Rh3
85. Nf4 Rc3+ 86. Kd5 Rc2 87. Ne2 Rd2+ 88. Nd4+ Kc3 89. Rg4 Rd3 90. Kc5 Rh3 91.
Ne2+ Kd2 92. Nf4 Rh8 93. Nd5 1/2-1/2

[Event "Open Bosnjaci"]
[Site "Bosnjaci"]
[Date "2017.01.06"]
[Round "6.3"]
[White "Dizdarevic, Emir"]
[Black "Bobanac, Miro"]
[Result "0-1"]
[WhiteElo "2463"]
[BlackElo "2279"]
[PlyCount "168"]
[EventDate "2017.??.??"]
[WhiteClock "1:29:00"]
[BlackClock "1:30:00"]

1. Nf3 Nf6 2. c4 e6 3. Nc3 d5 4. d4 c6 5. e3 Nbd7 6. Qc2 Be7 7. b3 a6 8. Be2 b5
9. O-O b4 10. Na4 Bb7 11. c5 O-O 12. a3 bxa3 13. b4 Qc7 14. Rxa3 a5 15. b5 cxb5
16. Bxb5 Bc6 17. Bxc6 Qxc6 18. Bd2 Rfb8 19. Rfa1 Ne4 20. Nc3 Nxd2 21. Nxd2 Bd8
22. g3 Rb7 23. Nb3 Rba7 24. Nc1 Rb7 25. Nd3 Qa6 26. Nb1 Nb8 27. Nd2 Nc6 28. Kg2
Rab8 29. h4 h6 30. Qd1 Bc7 31. Nf3 Qc4 32. Rc1 Qa6 33. Rca1 Qc4 34. Nd2 Qa6 35.
Qf1 Nb4 36. Nxb4 Qxf1+ 37. Kxf1 Rxb4 38. Ke2 Kf8 39. Kd3 Ke7 40. Kc3 Rb2 41.
R1a2 R2b5 42. Rb3 Kd7 43. Rxb5 Rxb5 44. f4 h5 45. Kc2 Kc6 46. Nb1 f6 47. Nc3
Rb8 48. Ra1 Rh8 49. Kd3 Rb8 50. Kc2 Rg8 51. Rh1 g6 52. Kd3 Rb8 53. Rh2 Rf8 54.
Rg2 e5 55. fxe5 fxe5 56. g4 exd4 57. exd4 Rf3+ 58. Kc2 hxg4 59. Rxg4 Rg3 60.
Rxg3 Bxg3 61. Ne2 Bxh4 62. Nf4 Bf6 63. Kc3 g5 64. Nh5 Bd8 65. Ng3 g4 66. Nf5
Bf6 67. Kd3 Bg5 68. Kc3 Kd7 69. Kd3 Bf4 70. Nh4 g3 71. Ng2 Bg5 72. Kc3 Kc6 73.
Ne1 Kb5 74. Ng2 Bh6 75. Ne1 Be3 76. Ng2 Bf2 77. Nf4 a4 78. Ng2 a3 79. Kb3 Bxd4
80. Kxa3 Kxc5 81. Kb3 Be5 82. Kc2 Kd4 83. Kd2 Ke4 84. Ke2 Bc3 0-1

[Event "Open Bosnjaci"]
[Site "Bosnjaci"]
[Date "2017.01.06"]
[Round "6.4"]
[White "Zovko, Mario"]
[Black "Stankovic, Milos"]
[Result "1/2-1/2"]
[WhiteElo "2309"]
[BlackElo "2376"]
[PlyCount "78"]
[EventDate "2017.??.??"]
[WhiteClock "1:30:00"]
[BlackClock "1:30:00"]

1. e4 e6 2. d4 d5 3. Nc3 Nf6 4. e5 Nfd7 5. f4 c5 6. Nf3 Nc6 7. Be3 Be7 8. Qd2
O-O 9. Be2 b6 10. Nd1 f5 11. O-O Ndb8 12. c3 Ba6 13. Nf2 Bxe2 14. Qxe2 Qc8 15.
Kh1 Qa6 16. Qd2 cxd4 17. cxd4 Na5 18. b3 Qb5 19. g4 Na6 20. gxf5 exf5 21. Qd3
Qxd3 22. Nxd3 Rac8 23. Rac1 Nb4 24. Nxb4 Bxb4 25. Rxc8 Rxc8 26. Rc1 Rxc1+ 27.
Bxc1 Nc6 28. Bb2 Be7 29. Kg2 Kf7 30. Bc3 h6 31. Ne1 Nd8 32. Nc2 Nc6 33. Kf3 Ke6
34. h3 g6 35. a4 a6 36. Ke3 g5 37. Kf3 h5 38. fxg5 Bxg5 39. Ne1 Kf7 1/2-1/2

[Event "Open Bosnjaci"]
[Site "Bosnjaci"]
[Date "2017.01.06"]
[Round "6.7"]
[White "Ljikar, Zoran"]
[Black "Tica, Sven"]
[Result "0-1"]
[WhiteElo "2211"]
[BlackElo "2352"]
[PlyCount "88"]
[EventDate "2017.??.??"]
[WhiteClock "1:30:00"]
[BlackClock "1:30:00"]

1. d4 d5 2. Nc3 c6 3. e4 dxe4 4. Nxe4 Nd7 5. Nf3 Ngf6 6. Bd3 Nxe4 7. Bxe4 Nf6
8. Bd3 Bg4 9. c3 e6 10. h3 Bxf3 11. Qxf3 Qd5 12. Qxd5 Nxd5 13. O-O Bd6 14. g3
O-O 15. c4 Nb4 16. Bb1 c5 17. Be3 cxd4 18. Bxd4 Nc6 19. Bc3 Be5 20. Bxe5 Nxe5
21. b3 Nf3+ 22. Kg2 Nd2 23. Rd1 Rad8 24. Bc2 Rd4 25. Re1 Rfd8 26. Re5 g6 27.
Rae1 Kf8 28. Rc5 Ke7 29. Rc7+ R8d7 30. Rxd7+ Kxd7 31. Rd1 Kd6 32. f3 Kc5 33.
Kf2 Kb4 34. Ke3 Kc3 35. Rc1 Kb2 36. Kxd4 Kxc1 37. Be4 Nxe4 38. fxe4 Kb2 39. b4
Ka3 40. Kc5 f5 41. exf5 exf5 42. b5 b6+ 43. Kd5 Kxa2 44. Kc6 Kb3 0-1

[Event "Open Bosnjaci"]
[Site "Bosnjaci"]
[Date "2017.01.06"]
[Round "6.8"]
[White "Babic, Zvonko"]
[Black "Leventic, Ivan"]
[Result "1/2-1/2"]
[WhiteElo "2162"]
[BlackElo "2424"]
[PlyCount "48"]
[EventDate "2017.??.??"]
[WhiteClock "1:30:00"]
[BlackClock "1:30:00"]

1. Nf3 d5 2. d4 c5 3. e3 Nc6 4. b3 cxd4 5. exd4 Bg4 6. Be2 e6 7. O-O Bd6 8. h3
Bh5 9. Bb2 Nge7 10. Nbd2 O-O 11. c4 Rc8 12. Rc1 Bb8 13. c5 f6 14. Re1 Qd7 15.
a3 Qc7 16. Nf1 Qf4 17. b4 a6 18. Bc3 e5 19. Bd2 Qf5 20. Ng3 Qg6 21. Nxh5 Qxh5
22. Nxe5 Qh4 23. Nf3 Qh5 24. Ne5 Qh4 1/2-1/2

[Event "Open Bosnjaci"]
[Site "Bosnjaci"]
[Date "2017.01.06"]
[Round "6.9"]
[White "Plenca, Jadranko"]
[Black "Medic, Mirjana"]
[Result "1-0"]
[WhiteElo "2424"]
[BlackElo "2147"]
[PlyCount "81"]
[EventDate "2017.??.??"]
[WhiteClock "1:27:00"]
[BlackClock "1:30:00"]

1. e4 e6 2. d4 d5 3. Nd2 c5 4. exd5 exd5 5. Ngf3 Nf6 6. Bb5+ Bd7 7. Bxd7+ Nbxd7
8. O-O Be7 9. dxc5 Nxc5 10. Nb3 Nce4 11. Nfd4 Qd7 12. f3 Nd6 13. Nc5 Qc8 14.
Nd3 O-O 15. Be3 Nc4 16. Bf2 Bd6 17. Kh1 Re8 18. Re1 Qd7 19. c3 Nh5 20. Qc2 a6
21. Rad1 Rad8 22. Qc1 h6 23. g4 Nf6 24. Bh4 Ne5 25. Bxf6 Nxd3 26. Rxd3 gxf6 27.
Nf5 Rxe1+ 28. Qxe1 Bf8 29. Qd2 Qe6 30. Kg2 b5 31. b3 h5 32. h3 hxg4 33. hxg4
Bc5 34. Kh3 Qe5 35. a4 Rd7 36. axb5 axb5 37. b4 Bf8 38. Re3 Qf4 39. Qe2 Ra7 40.
Re8 Qc1 41. Qh2 1-0

[Event "Open Bosnjaci"]
[Site "Bosnjaci"]
[Date "2017.01.06"]
[Round "6.10"]
[White "Cvitan, Ena"]
[Black "Trbojevic, Mladen"]
[Result "0-1"]
[WhiteElo "2139"]
[BlackElo "2380"]
[PlyCount "68"]
[EventDate "2017.??.??"]
[WhiteClock "1:27:00"]
[BlackClock "1:30:00"]

1. d4 Nf6 2. c4 g6 3. Nc3 d5 4. e3 Bg7 5. Nf3 O-O 6. Be2 c5 7. O-O cxd4 8. exd4
Nc6 9. h3 dxc4 10. Bxc4 Na5 11. Bd3 Be6 12. Re1 Rc8 13. Bg5 Bc4 14. Bxc4 Nxc4
15. Qe2 Re8 16. Rac1 Nb6 17. b3 h6 18. Bh4 Nbd5 19. Nxd5 Nxd5 20. Rxc8 Qxc8 21.
Ne5 Qc3 22. Rd1 a6 23. Qe4 e6 24. Rd3 Qc1+ 25. Kh2 f5 26. Qf3 g5 27. Qh5 Re7
28. Ng6 Rc7 29. Rd1 Qc2 30. Re1 gxh4 31. Rxe6 Qxf2 32. Nxh4 Qf4+ 33. g3 Qf2+
34. Ng2 Nf6 0-1

[Event "Open Bosnjaci"]
[Site "Bosnjaci"]
[Date "2017.01.06"]
[Round "6.11"]
[White "Ascic, Pero"]
[Black "Kejzar, Petra"]
[Result "1-0"]
[WhiteElo "2310"]
[BlackElo "2050"]
[PlyCount "83"]
[EventDate "2017.??.??"]
[WhiteClock "1:30:00"]
[BlackClock "1:30:00"]

1. e4 c5 2. Nf3 e6 3. c3 Nf6 4. Bd3 d5 5. e5 Nfd7 6. O-O Nc6 7. Re1 g5 8. h3 h5
9. Bb5 g4 10. Nh2 gxh3 11. g3 Bg7 12. d4 Qb6 13. Bxc6 bxc6 14. b3 f5 15. Be3
Ba6 16. Nf3 O-O-O 17. Ng5 Nf8 18. Nf7 Ng6 19. Nd2 f4 20. gxf4 Bd3 21. Nf3 Bf5
22. N3g5 Rhg8 23. Nxd8 Qxd8 24. Kh2 Bg4 25. f3 Bf5 26. Qe2 Kb7 27. Rg1 Qe7 28.
a4 Bh6 29. dxc5 Nxf4 30. Bxf4 Bxg5 31. Qe3 Bxf4+ 32. Qxf4 Rg2+ 33. Rxg2 hxg2
34. b4 h4 35. Kxg2 Qg7+ 36. Kh2 Qh7 37. Rg1 h3 38. Qg5 Ka6 39. Qg8 Qc7 40. f4
Bh7 41. Qf8 Bc2 42. Rg7 1-0

[Event "Open Bosnjaci"]
[Site "Bosnjaci"]
[Date "2017.01.06"]
[Round "6.12"]
[White "Erenda, Bruno"]
[Black "Vajic, Goran"]
[Result "0-1"]
[WhiteElo "2087"]
[BlackElo "2310"]
[PlyCount "68"]
[EventDate "2017.??.??"]
[WhiteClock "1:30:00"]
[BlackClock "1:30:00"]

1. d4 Nf6 2. c4 g6 3. f3 Bg7 4. e4 d6 5. Nc3 O-O 6. Nge2 c5 7. d5 e6 8. Ng3
exd5 9. cxd5 h5 10. Bg5 Qb6 11. Qd2 Nh7 12. Be3 Nd7 13. Be2 Ne5 14. O-O h4 15.
Nh1 f5 16. Nf2 Bd7 17. Rac1 Rac8 18. b3 Qd8 19. Nd3 Nxd3 20. Bxd3 a6 21. exf5
Bxf5 22. Bxf5 Rxf5 23. Ne4 Nf6 24. Nxf6+ Qxf6 25. Rc4 Re8 26. Rg4 h3 27. Bh6
hxg2 28. Qxg2 Kf7 29. Bg5 Qb2 30. Qg3 Bd4+ 31. Kh1 Qe2 32. Qh3 Rh8 33. Re4 Rxh3
34. Rxe2 Rxg5 0-1